| 000 | 00788nam a22002057a 4500 | ||
|---|---|---|---|
| 005 | 20251108173539.0 | ||
| 008 | 250721s2006 xx 000 0 ara d | ||
| 020 | _a9957230603 | ||
| 082 | 1 | 4 | _a922.16/ حفي |
| 100 | 1 | _aحفيظ، الحبيب محمد بن سالم | |
| 245 | 1 | 0 | _aنفح الطيب العاطري من مناقب شيخ الإسلام عبد الله بن عمر الشاطري و يليه نفحات النسيم الحاجري / |
| 264 | 1 |
_aحضرموت : _bدار العلم و الدعوة، _c2006. |
|
| 300 | _a368ص. | ||
| 650 | 1 | 7 | _aالفقهاء المسلمون |
| 650 | 1 | 7 | _aالتراجم |
| 650 | 1 | 7 | _aالفقه الإسلامي |
| 700 | 1 | _aالسري، الحبيب عبد الرحمن بن حامد | |
| 942 |
_2ddc _cBK |
||
| 999 |
_c106505 _d106505 |
||